000 00993nam a2200313 i 4500
001 000010204
003 DO-SdBNP
005 20251016135217.0
007 ta
008 091005t1977 dr a 000 p spa d
040 _aDO-SdBNP
_bspa
_cBNPHU
_erda
041 _aspa
082 _aRD861.44
_bG633o, 1977
_222
100 1 _aGómez, Alexis
_eautor
_925205
245 1 0 _aOficio de post-muerte /
_cAlexis Gómez.
250 _aSegunda edición corregida. y aumentada
264 _aSanto Domingo :
_bAlfa y Omega,
_c1977.
300 _a103 páginas :
_bilustraciones ;
_c21 cm.
336 _ardacontent
_btexto
_2txt
337 _ardamedia
_bsin mediación
_2n
338 _ardacarrier
_bvolumen
_2nc
500 _aIncluye bibliografía y notas al pie de páginas.
504 _aBibliografía : página 103
590 _aInventariado, 2018/LP
650 0 _aPoesía dominicana
_966
650 0 _aLiteratura dominicana.
_967
910 _aValidado. Control de calidad EMS.
942 _2ddc
_cLBS1
999 _c9963
_d9963